| 000 | 00363nam a2200133Ia 4500 | ||
|---|---|---|---|
| 008 | 160319s9999 xx 000 0 und d | ||
| 020 | _a971072262x | ||
| 050 | _a808.8 | ||
| 050 | _bSe481e 2004 | ||
| 100 | _aSerrano, Josephine B. | ||
| 245 | _aEnglish Communication Arts & Skills through Philippine Literature | ||
| 260 | _bSIBS Pub House Inc | ||
| 260 | _c2004 | ||
| 999 |
_c292183 _d292183 |
||